General physics with bioscience essays (Record no. 32042)

MARC details
000 -LEADER
fixed length control field 00286nam a2200109Ia 4500
082 ## - DEWEY DECIMAL CLASSIFICATION NUMBER
Classification number 002.24791
Item number mar
100 ## - MAIN ENTRY--AUTHOR NAME
Personal name Marion, Jerry
245 #0 - TITLE STATEMENT
Title General physics with bioscience essays
260 ## - PUBLICATION, DISTRIBUTION, ETC. (IMPRINT)
Place of publication New York
Name of publisher John Wiley
Year of publication 1979
942 ## - ADDED ENTRY ELEMENTS (KOHA)
Koha item type Books
Holdings
Withdrawn status Lost status Damaged status Not for loan Home library Current library Date acquired Cost, normal purchase price Full call number Accession Number Koha item type
        RRII Library RRII Library 16/12/2021 18.95 002.24791 mar 12568 Books